[Event "Romanian-ch Open 2022"]
[Site "Eforie Nord"]
[Date "2022.02.25"]
[Round "7.2"]
[White "Georgescu, Tiberiu-Marian"]
[Black "Nevednichy, Vladislav"]
[Result "1/2-1/2"]
[WhiteElo "2467"]
[BlackElo "2498"]
[Annotator "TA"]
[PlyCount "137"]
[EventDate "2022.02.20"]
[EventType "swiss"]
[EventCountry "ROU"]
[SourceTitle "playchess.com"]
[Source "ChessBase"]
[SourceQuality "1"]

{[%evp 20,137,23,26,47,34,57,35,54,40,81,17,15,17,18,19,28,25,25,-16,-16,-20,0,0,0,-10,-15,-31,-21,-34,0,0,0,0,0,0,0,0,12,12,20,10,16,21,19,18,22,22,62,64,64,52,52,52,52,52,52,17,17,12,13,0,14,9,24,0,64,0,45,49,37,53,31,22,119,122,116,93,175,83,444,419,722,288,235,0,0,0,0,0,0,0,0,0,0,0,0,0,0,0,0,0,0,0,0,0,0,0,0,0,0,0,0,0,0,0,0,0,0,0]} 1. d4 Nf6 2. c4 e6 3. Nc3 d5 4. cxd5 exd5 5. Bg5 c6 6. e3 Bd6 7. Bd3 O-O 8. Nf3 h6 9. Bh4 Re8 10. O-O Nbd7 11. Qc2 a5 {D36: Queen's Gambit Declined: Exchange Variation: Main line (5 Bg5 c6 6 Qc2).} 12. Rae1 Qc7 {[#]} 13. a3 $146 ({Predecessor:} 13. e4 dxe4 14. Nxe4 Nxe4 15. Bxe4 Kf8 16. Bh7 Be7 17. Bxe7+ Rxe7 18. Rxe7 Kxe7 19. Re1+ Kf8 {½-½ (31) Spanton,T (1923)-Svizensky,L (1937) Trebic 2018}) 13... Kh8 {White is slightly better.} 14. Rc1 {[%cal Oc3b5]} Qb8 15. Bg3 (15. Rfe1 $16) 15... Bxg3 $11 16. hxg3 Qd6 17. Na4 g6 18. Nc5 Nxc5 19. Qxc5 (19. dxc5 {might be stronger.} Qe7 20. Qa4) 19... Qxc5 20. Rxc5 Nd7 21. Rc3 a4 22. Ra1 Kg7 23. Kf1 Re7 24. Ke2 Nf6 {[%cal Bd7f6,Bf6e8,Be8d6,Bd6f5][%mdl 32]} 25. Nd2 {[%cal Bf3d2,Bd2b3,Bb3c5][%mdl 32]} Ne8 26. b4 axb3 27. Nxb3 Nd6 28. a4 {[%cal Ba3a4,Ba4a5,Ba5a6][%mdl 32]} Bf5 29. Bxf5 Nxf5 30. a5 Ra6 31. Kf3 $1 Nd6 32. Nc5 Ra7 33. a6 b5 34. Nd3 {Strongly threatening Nb4.} Nc4 35. Nb4 Re6 36. g4 Kf8 37. Rc2 Ke7 38. Nd3 Kd6 39. Nc5 Re8 40. Rh1 Rh8 41. Ke2 Rb8 42. Ra2 Rh8 (42... Ne5 $1 $11) 43. f3 (43. Raa1 $14) 43... Nb6 (43... Kc7 $11) 44. e4 $14 dxe4 45. fxe4 {[%cal Og4g5] aiming for g5!} ({Don't play} 45. Nxe4+ Kc7 $11) 45... Rha8 {[%cal Ob6a4]} 46. e5+ Kd5 (46... Ke7 $1 $11 {remains equal.}) 47. Kd3 $16 {White is much more active.} (47. Rxh6 $2 Kxd4 48. Nd3 Rxa6 49. Rxa6 Rxa6 $19) 47... Nc4 {[%cal Oc4e5]} 48. Re1 ({But not} 48. Rxh6 Nxe5+ 49. Kc3 Nxg4 $15) 48... h5 (48... Rb8 $16) 49. g5 (49. Kc3 $18) 49... b4 $2 {[%mdl 8192]} (49... h4 $16 {is a better chance.}) 50. Rc1 $18 Na3 (50... b3 $142 51. Nxb3 Rxa6 52. Rxa6 Nxe5+ 53. dxe5 Rxa6 54. Rc5+ Ke6) 51. Rf1 $2 (51. Rf2 {Rf6 would kill now.} Nb5 52. Na4) 51... Nc4 {[%cal Oc4e5] [#]} 52. Rc2 $2 (52. Re1 $1 $18) 52... Rxa6 $11 {The position is equal.} 53. Nxa6 {Dancing on a razor blade.} Rxa6 54. Rxf7 {[%mdl 4096] Endgame KRR-KRN} Ra3+ 55. Ke2 b3 56. Rd7+ $1 Ke6 57. Rd6+ $1 Nxd6 58. Rxc6 {[%mdl 64] [#] Pin} Kd5 59. Rxd6+ {KR-KR} Kc4 {Threatens to win with ...b2.} 60. e6 {And now e7 would win.} b2 61. Rb6 Ra6 62. Rxb2 Rxe6+ 63. Kf3 Kxd4 64. Rd2+ Kc4 65. Kf4 Kc5 66. Rd8 Kc6 67. g4 hxg4 68. Kxg4 Kc7 69. Rd4 {Weighted Error Value: White=0.23 (precise) /Black=0.25 (precise)} 1/2-1/2

[Event "Romanian-ch Open 2022"]
[Site "Eforie Nord"]
[Date "2022.02.25"]
[Round "7.3"]
[White "Gavrilescu, David"]
[Black "Toma, Radu-Cristian"]
[Result "1/2-1/2"]
[WhiteElo "2512"]
[BlackElo "2388"]
[Annotator "TA"]
[PlyCount "79"]
[EventDate "2022.02.20"]
[EventType "swiss"]
[EventCountry "ROU"]
[SourceTitle "playchess.com"]
[Source "ChessBase"]
[SourceQuality "1"]

{[%evp 10,79,24,22,45,38,46,37,52,45,105,34,47,32,38,38,37,24,46,17,32,31,24,12,91,54,47,45,94,5,499,310,310,306,295,-63,-62,-73,-57,-78,-47,-52,-44,-47,-54,-66,78,86,68,81,72,60,60,62,69,0,0,0,0,0,0,0,0,0,0,0,0,0,0,0,0,0]} 1. e4 c5 2. Nf3 Nf6 3. e5 Nd5 4. Nc3 e6 5. Ne4 f5 6. Nc3 Nxc3 {6...Ne7 is setting a new trend. B29: Sicilian: 2 Nf3 Nf6 (Nimzowitsch Variation).} 7. dxc3 Nc6 8. Bf4 Qc7 {White is slightly better.} 9. h4 {[#]} b5 $146 (9... a6 $14) ({Predecessor:} 9... b6 10. Qd2 Bb7 11. O-O-O a6 12. Be2 Ne7 13. h5 Nd5 14. Bg3 c4 15. Nd4 Ne7 {1-0 (40) Sax,G (2550)-Bouaziz,S (2435) Catania 1995}) 10. Qd2 (10. Bxb5 $16 Rb8 11. Qe2) 10... c4 11. a4 b4 12. Bxc4 bxc3 13. bxc3 Ne7 14. Bb3 Ba6 15. Nd4 Ng6 16. Rh3 Be7 (16... Qb7 $11 {remains equal.}) 17. h5 Nxf4 18. Qxf4 h6 (18... O-O $14) 19. Bxe6 {White is more active.} Bg5 $2 {[%mdl 8192]} (19... dxe6 $11 {and Black has nothing to worry.} 20. Nxe6 Qc4 21. Nxg7+ Kf8 22. Qxf5+ (22. Qxc4 Bxc4 23. Nxf5 Rg8 $14) 22... Kg8 23. Qe6+ Qxe6 24. Nxe6 Bb7) 20. Qxf5 O-O-O {[%cal Ba8d8,Bd8d7,Bd7d4][%mdl 32] aiming for ...Rhe8.} 21. f4 Rhf8 {[#]} 22. Bxd7+ Qxd7 $15 23. Qxd7+ Rxd7 24. g3 Bd8 {[%mdl 1024] Hoping for ...Ba5. Black has strong compensation.} (24... Bc4 $5) 25. Ne6 Re8 26. Nc5 {[%csl LRa6,LRd7] [#]} Ba5 $1 27. g4 {[#]} (27. Ra3 Rd6) 27... Rd4 28. Nxa6 $16 {Rb1 is the strong threat.} Rxf4 29. O-O-O Rxe5 30. Rd4 Ree4 31. Rd5 Rxa4 32. Kb2 {To avoid Ra1} ({White should play} 32. Nc5 $1 $14 Rf1+ 33. Kb2 Rxg4 34. Re3) 32... Kb7 $36 {[%mdl 2048] Black has the initiative. The position is equal.} 33. Nc5+ Kc6 34. Rhd3 Bxc3+ $1 {[%mdl 64] Decoy} 35. Kxc3 Rac4+ 36. Kd2 Rxc5 37. Rd6+ Kb5 38. Rb3+ Rb4 39. Rxb4+ Kxb4 40. Rd7 {[%csl LRa7,LRg7] Weighted Error Value: White=0.42/Black=0.37} 1/2-1/2

[Event "Romanian-ch Open 2022"]
[Site "Eforie Nord"]
[Date "2022.02.25"]
[Round "7.4"]
[White "Cosma, Ioan"]
[Black "Szabo, Gergely-Andras-Gyula"]
[Result "1-0"]
[WhiteElo "2396"]
[BlackElo "2524"]
[Annotator "TA"]
[PlyCount "51"]
[EventDate "2022.02.20"]
[EventType "swiss"]
[EventCountry "ROU"]
[SourceTitle "playchess.com"]
[Source "ChessBase"]
[SourceQuality "1"]

{[%evp 13,51,90,92,75,66,16,11,0,44,66,60,60,64,60,62,70,65,65,134,146,129,137,129,168,145,12,106,33,55,99,170,192,177,154,783,760,803,741,1133,1120]} 1. d4 d5 2. c4 Nc6 3. Nc3 Nf6 4. Nf3 dxc4 5. e3 {[%cal Be2e3,Be3e4,Be4e5][%mdl 32]} e6 6. Bxc4 Bd6 7. e4 Bb4 8. e5 {D20: Queen's Gambit Accepted: 3 e3 and 3 e4.} Nd5 9. Qd3 (9. Bd2 $14) 9... Na5 $1 $11 {[#]} 10. Bb5+ $146 {[%cal Bc4b5,Bb5a4,Ba4c2][%mdl 32] The position is equal.} ({Predecessor:} 10. Bg5 Be7 11. Bxd5 Bxg5 12. Be4 Be7 13. O-O Bd7 14. Rad1 c6 15. a3 b5 16. Nd2 b4 17. axb4 Bxb4 {1-0 (33) Harovelo,I (2197)-Marzolo,C (2378) France 2001}) 10... c6 (10... Bd7 $1 $11) 11. Ba4 $1 $14 (11. Bg5 $2 f6 12. exf6 gxf6 13. Bxc6+ Nxc6 $19) 11... b5 12. Bc2 c5 13. O-O $36 {[%mdl 2048] White is pushing.} c4 14. Qe4 Bb7 15. Qg4 Nxc3 (15... Kf8 $14) 16. bxc3 $16 Bxc3 {[#] White must now prevent ...Bxf3.} 17. Qxg7 $1 Kd7 18. Rb1 $1 (18. Qxf7+ Qe7 19. Qxe7+ Kxe7 $14) 18... Rg8 (18... Qg8 19. Qf6 $16) 19. Qxh7 {White is more active.} ({White must play} 19. Qxf7+ $16 Qe7 20. Qxe7+ Kxe7 21. Ng5) 19... Qe7 (19... Rxg2+ $1 $11 20. Kxg2 Qg8+ 21. Bg6 Qxg6+ 22. Qxg6 fxg6 23. Rxb5 Bc6) 20. d5 Bxd5 21. Rd1 Kc7 {[#]} (21... a6 $16 {was necessary.}) 22. Rxd5 $1 $18 {[%mdl 512]} exd5 23. Rxb5 {[%cal Oc1a3] Threatens to win with Ba3! The board is on fire.} Qd7 $2 {[#]} (23... Nc6 $16) 24. Ba4 $1 {And now Rc5+ would win. White is clearly winning.} ({Stronger than} 24. Rc5+ Kb6 25. Bf5 Qd8 $11) 24... Rxg2+ 25. Kf1 {Strongly threatening Rc5+.} Nc6 26. Bf4 {Weighted Error Value: White=0.13 (very precise) /Black=0.27 (precise)} ({And not} 26. Kxg2 Qg4+ 27. Kf1 Qxf3 $11) 1-0

[Event "Romanian-ch Open 2022"]
[Site "Eforie Nord"]
[Date "2022.02.25"]
[Round "7.5"]
[White "Nanu, Costica-Ciprian"]
[Black "Filip, Lucian-Ioan"]
[Result "1-0"]
[WhiteElo "2513"]
[BlackElo "2391"]
[Annotator "TA"]
[PlyCount "67"]
[EventDate "2022.02.20"]
[EventType "swiss"]
[EventCountry "ROU"]
[SourceTitle "playchess.com"]
[Source "ChessBase"]
[SourceQuality "1"]

{[%evp 15,67,16,25,23,22,0,0,0,0,0,0,0,0,0,6,0,33,42,29,34,40,40,77,47,37,34,51,50,60,39,40,29,54,59,74,63,92,99,110,126,132,45,43,52,51,35,53,-560,62,60,581,581,567,558]} 1. d4 Nf6 2. Nf3 e6 3. e3 c5 4. c4 d5 5. cxd5 exd5 6. Be2 Nc6 7. O-O Bd6 8. dxc5 Bxc5 9. a3 {D30: Queen's Gambit Declined: Systems without Nc3.} a5 10. Nbd2 {[%cal Bb1d2,Bd2b3,Bb3d4][%mdl 32]} O-O 11. Nb3 {The position is equal.} Bb6 12. Bd2 Ne4 {[#]} 13. Bc3 $146 ({Predecessor:} 13. Be1 Bg4 14. Nfd4 Bxe2 15. Nxe2 Re8 16. Qd3 Qd6 17. Rd1 Bc7 18. g3 Rad8 19. Nc3 {0-1 (27) Bindrich,F (2469)-Andriasian,Z (2523) Kirishi 2007}) 13... Nxc3 14. bxc3 a4 15. Nbd4 Ne7 16. Qb1 Bc5 17. Rd1 Qa5 18. c4 h6 19. Qa2 dxc4 20. Bxc4 {aiming for Ne5.} Bg4 21. Rab1 Qc7 22. Nb5 Qb8 23. Qc2 {[%cal Oc4f7] And now Bxf7+! would win.} Bf5 {A strong pair of Bishops.} 24. Bd3 Bxd3 25. Rxd3 Qc8 26. Ne5 b6 27. Nd7 $36 {[%mdl 2048] White is really pushing.} Re8 28. Rbd1 {White is much more active.} (28. Nxc5 $16 Qxc5 29. Rc3) 28... Qc6 $14 29. Qc4 Ra5 30. Rb1 Ng6 31. Rd5 $2 {[%mdl 8192] [#]} (31. Nc3 $1 $14 {keeps the upper hand.}) 31... Rd8 $2 (31... Nf4 $1 $19 {[%mdl 512]} 32. Nc3 Nxd5 33. Qxd5 Qxd5 34. Nxd5 Bxa3 35. N5xb6 Bd6) 32. Rd6 {To avoid Qg6} Rxb5 $4 {[%mdl 8192] [#]} 33. Nf6+ $1 $18 {[%mdl 576] Discovered Attack} gxf6 34. Rxd8+ {Weighted Error Value: White=0.38/Black=0.40} (34. Rxc6 $2 {loses.} Rxb1+ 35. Qf1 Rdd1 $19) 1-0

[Event "Romanian-ch Open 2022"]
[Site "Eforie Nord"]
[Date "2022.02.25"]
[Round "7.6"]
[White "Miron, Lucian-Costin"]
[Black "Antonica, Dragos-Andrei"]
[Result "1-0"]
[WhiteElo "2511"]
[BlackElo "2350"]
[Annotator "TA"]
[PlyCount "116"]
[EventDate "2022.02.20"]
[EventType "swiss"]
[EventCountry "ROU"]
[SourceTitle "playchess.com"]
[Source "ChessBase"]
[SourceQuality "1"]

{[%evp 11,116,30,28,0,0,0,0,0,0,0,0,0,0,0,0,-6,0,0,0,0,20,27,16,34,37,16,26,27,74,66,72,75,67,70,126,96,87,102,97,91,111,101,94,79,70,66,66,58,59,60,58,53,50,52,53,33,63,63,63,63,63,60,158,168,166,167,189,167,1370,1354,1370,1370,1370,1370,1370,1370,1370,1370,1370,1320,1370,1370,1370,1370,1370,1370,1189,1167,1432,474,1168,1172,866,987,654,366,318,0,587,551,541,529,1614,1997,1348,1237,423]} 1. d4 Nf6 2. c4 e6 3. Nf3 b6 4. g3 Ba6 5. Qc2 Bb7 6. Bg2 c5 7. d5 {E15: Queen's Indian: 4 g3 sidelines, 4 g3 Ba6 and 4 g3 Bb7 early deviations.} exd5 8. cxd5 Nxd5 9. O-O {The position is equal.} Be7 {To avoid Ng5} 10. Rd1 Nc6 {[%cal Oe8g8]} 11. Qf5 ({Wrong is} 11. Rxd5 $2 Nb4 12. Qd1 Bxd5 $17) 11... Nf6 12. e4 {To avoid d5} g6 13. Qf4 Nh5 14. Qh6 Bf8 15. Qe3 Bg7 16. e5 $1 O-O $1 17. g4 Re8 {[%cal Rc6e5]} 18. gxh5 {Qd3 is the strong threat.} Nxe5 19. Nxe5 {[#]} Rxe5 $146 (19... Bxg2 $1 $11 {feels stronger.} 20. Kxg2 (20. Rxd7 $2 Qxd7 21. Nxd7 Rxe3 $19) 20... Rxe5) ({Predecessor:} 19... Bxg2 20. Kxg2 Rxe5 21. Qf3 Rf5 22. Rxd7 Qf8 23. Qd3 Bd4 24. Rxd4 cxd4 25. hxg6 hxg6 {½-½ (34) Heide,E (2228)-Schoepe,H (2255) ICCF email 2018}) 20. Qg3 Bxg2 21. Qxg2 {aiming for h6.} ({Reject} 21. h6 Bc6 22. hxg7 Qf6 $15) 21... Rxh5 {[%cal Og7b2]} 22. Nc3 Be5 (22... Bxc3 $14 23. bxc3 d5) 23. h3 {[%cal Bh2h3,Bh3h4][%mdl 32]} Bxc3 24. bxc3 d5 25. Bf4 Rf5 {[#]} 26. Bg3 {White is more active.} h5 {[#] Strongly threatening ...h4.} 27. h4 $1 Qd7 28. c4 {[%cal Rd1d5]} (28. Rd3 {feels hotter.} Rd8 29. Re1 Kh7 30. Rf3 Kg8 31. Rfe3) 28... Rd8 29. cxd5 Rxd5 30. Rxd5 Qxd5 31. Qxd5 (31. Re1 {with more complications.} Kf8 32. Re3 f6 33. Qxd5 Rxd5 34. Bb8) 31... Rxd5 $14 {[%mdl 4096] Endgame KRB-KR} 32. Re1 Kf8 {To avoid Re7} 33. Bf4 {To avoid Rd2} f6 34. Bb8 Rd7 35. Re6 Kf7 36. Rc6 Rd4 (36... g5 $14) 37. Bxa7 $16 Rxh4 38. Bxb6 Ra4 39. Bxc5 Rxa2 $2 (39... g5 40. Rb6 Rc4) 40. Bd4 $18 Ra4 41. Rxf6+ Ke7 42. Rf4 {Intending Bc5+ and mate.} Ke6 43. Be3 Ra5 44. Kg2 Rb5 45. Kg3 Ra5 46. Rf8 Ke7 47. Rf3 Ke6 48. Kh4 Ke5 49. Rf8 Ra4+ 50. Kh3 (50. Kg5 $142 Ra6 51. Rf4) 50... Rc4 (50... Ra3 $142 51. Kh4 Ra5) 51. Bg5 Rc6 52. Kg3 Ra6 53. Bh6 {Threatens to win with Bg7+.} Ke6 54. Bg5 $2 (54. f4) 54... Ke5 $1 55. f3 {White is clearly winning.} Rc6 56. Bd2 Rc2 57. Bf4+ Ke6 58. Bg5 Kd5 {Weighted Error Value: White=0.04 (flawless) /Black=0.11 (very precise)} 1-0

[Event "Romanian-ch Open 2022"]
[Site "Eforie Nord"]
[Date "2022.02.25"]
[Round "7.7"]
[White "Manolache, Marius"]
[Black "Secheres, Adrian-Simion"]
[Result "0-1"]
[WhiteElo "2485"]
[BlackElo "2363"]
[Annotator "ChessBase"]
[PlyCount "136"]
[EventDate "2022.02.20"]
[EventType "swiss"]
[EventCountry "ROU"]
[SourceTitle "playchess.com"]
[Source "ChessBase"]
[SourceQuality "1"]
[TimeControl "40/5400+30:900+30"]

1. d4 {[%emt 0:00:12]} Nf6 {[%emt 0:00:16]} 2. c4 {[%emt 0:00:05]} g6 {[%emt 0:00:17]} 3. Nc3 {[%emt 0:00:07]} Bg7 {[%emt 0:00:06]} 4. e4 {[%emt 0:00:05]} d6 {[%emt 0:00:18]} 5. f4 {[%emt 0:00:14]} c5 {[%emt 0:00:34]} 6. d5 {[%emt 0:00:20]} O-O {[%emt 0:00:26]} 7. Nf3 {[%emt 0:00:09]} e6 {[%emt 0:00:15]} 8. dxe6 {[%emt 0:00:16]} fxe6 {[%emt 0:00:26]} 9. Bd3 {[%emt 0:00:21]} Nc6 {[%emt 0:00:37]} 10. O-O {[%emt 0:00:20]} b6 {[%emt 0:00:31]} 11. Ng5 {[%emt 0:04:39]} Qe7 {[%emt 0:00:22]} 12. Bd2 {[%emt 0:04:29]} Bb7 {[%emt 0:07:49]} 13. Be1 {[%emt 0:17:14]} Nd4 {[%emt 0:08:44]} 14. Kh1 {[%emt 0:02:57]} e5 {[%emt 0:07:20]} 15. f5 {[%emt 0:49:44]} gxf5 {[%emt 0:03:15]} 16. Bh4 {[%emt 0:01:33]} h6 {[%emt 0:24:50]} 17. Nf3 {[%emt 0:00:49]} Qd7 {[%emt 0:09:27]} 18. Bxf6 {[%emt 0:02:37]} Rxf6 {[%emt 0:03:56]} 19. exf5 {[%emt 0:03:35]} Nxf5 {[%emt 0:03:36]} 20. Qe2 {[%emt 0:04:08]} Raf8 {[%emt 0:03:50]} 21. Nd5 {[%emt 0:02:57]} Bxd5 {[%emt 0:04:04]} 22. cxd5 {[%emt 0:00:06]} Ne7 {[%emt 0:02:59]} 23. Qe4 {[%emt 0:01:15]} Qf5 {[%emt 0:03:46]} 24. Qe2 {[%emt 0:00:26]} Qg4 {[%emt 0:00:52]} 25. Rfe1 {[%emt 0:01:11]} Rf4 {[%emt 0:01:19]} 26. Be4 {[%emt 0:01:08]} Kh8 {[%emt 0:01:51]} 27. Rac1 {[%emt 0:01:18]} Ng8 {[%emt 0:01:22]} 28. Kg1 {[%emt 0:01:09]} Nf6 {[%emt 0:01:45]} 29. Nd2 {[%emt 0:00:06]} Qg5 {[%emt 0:02:02]} 30. Rc3 {[%emt 0:00:40]} h5 {[%emt 0:06:08]} 31. Rg3 {[%emt 0:00:21]} Rg4 {[%emt 0:00:32]} 32. Rxg4 {[%emt 0:00:47]} Qxg4 {[%emt 0:01:05]} 33. Qxg4 {[%emt 0:00:39]} hxg4 {[%emt 0:00:31]} 34. Nc4 {[%emt 0:00:15]} Rd8 {[%emt 0:00:21]} 35. a4 {[%emt 0:00:18]} Bh6 {[%emt 0:01:10]} 36. g3 {[%emt 0:00:17]} Kg7 {[%emt 0:00:18]} 37. Kg2 {[%emt 0:00:27]} Kf7 {[%emt 0:00:17]} 38. Re2 {[%emt 0:00:53]} Ke7 {[%emt 0:00:08]} 39. Kg1 {[%emt 0:00:09]} Rf8 {[%emt 0:00:45]} 40. Bg2 {[%emt 0:00:00]} Kd7 {[%emt 0:00:00]} 41. h3 {[%emt 0:08:17]} gxh3 {[%emt 0:01:56]} 42. Bxh3+ {[%emt 0:00:05]} Kc7 {[%emt 0:00:32]} 43. Be6 {[%emt 0:00:15]} a6 {[%emt 0:01:11]} 44. Na3 {[%emt 0:04:40]} Rb8 {[%emt 0:04:06]} 45. Kg2 {[%emt 0:01:04]} Rf8 {[%emt 0:02:32]} 46. Re1 {[%emt 0:01:50]} Bd2 {[%emt 0:02:14]} 47. Re2 {[%emt 0:00:06]} Bc1 {[%emt 0:00:57]} 48. Rf2 {[%emt 0:02:13]} Nh7 {[%emt 0:01:03]} 49. Re2 {[%emt 0:00:19]} Ng5 {[%emt 0:00:20]} 50. Bg4 {[%emt 0:00:04]} e4 {[%emt 0:00:30]} 51. Nc4 {[%emt 0:01:31]} b5 {[%emt 0:01:07]} 52. axb5 {[%emt 0:00:22]} axb5 {[%emt 0:00:04]} 53. Rc2 {[%emt 0:02:09]} bxc4 {[%emt 0:01:20]} 54. Rxc1 {[%emt 0:00:03]} Rb8 {[%emt 0:01:31]} 55. Rc2 {[%emt 0:00:06]} Nf7 {[%emt 0:01:42]} 56. Bf5 {[%emt 0:00:09]} Ne5 {[%emt 0:01:53]} 57. Bxe4 {[%emt 0:00:12]} Nd3 {[%emt 0:00:38]} 58. Bxd3 {[%emt 0:01:36]} cxd3 {[%emt 0:00:01]} 59. Rd2 {[%emt 0:00:06]} c4 {[%emt 0:00:15]} 60. Kf3 {[%emt 0:00:16]} Kb6 {[%emt 0:00:28]} 61. g4 {[%emt 0:00:40]} Kc5 {[%emt 0:00:28]} 62. g5 {[%emt 0:00:40]} Kxd5 {[%emt 0:00:51]} 63. g6 {[%emt 0:00:17]} Kd4 {[%emt 0:00:58]} 64. g7 {[%emt 0:00:39]} c3 {[%emt 0:00:27]} 65. bxc3+ {[%emt 0:00:11]} Kxc3 {[%emt 0:00:06]} 66. Ra2 {[%emt 0:01:48]} d2 {[%emt 0:00:22]} 67. Ra3+ {[%emt 0:00:30]} Kb2 {[%emt 0:00:42]} 68. Rd3 {[%emt 0:00:15]} Kc2 {[%emt 0:00:08]} 0-1

[Event "Romanian-ch Open 2022"]
[Site "Eforie Nord"]
[Date "2022.02.25"]
[Round "7.8"]
[White "Martian, Dragos-Daniel"]
[Black "Anton, Teodor"]
[Result "0-1"]
[WhiteElo "2270"]
[BlackElo "2457"]
[Annotator "ChessBase"]
[PlyCount "82"]
[EventDate "2022.02.20"]
[EventType "swiss"]
[EventCountry "ROU"]
[SourceTitle "playchess.com"]
[Source "ChessBase"]
[SourceQuality "1"]
[TimeControl "40/5400+30:900+30"]

1. e4 {[%emt 0:06:27]} g6 {[%emt 0:00:21]} 2. d4 {[%emt 0:01:04]} Bg7 {[%emt 0:00:05]} 3. Nc3 {[%emt 0:00:48]} d6 {[%emt 0:00:10]} 4. Be3 {[%emt 0:00:45]} a6 {[%emt 0:00:06]} 5. Qd2 {[%emt 0:08:14]} b5 {[%emt 0:00:09]} 6. Bd3 {[%emt 0:00:19]} Bb7 {[%emt 0:01:26]} 7. a4 {[%emt 0:00:19]} b4 {[%emt 0:01:06]} 8. Nce2 {[%emt 0:00:11]} a5 {[%emt 0:00:36]} 9. Nf3 {[%emt 0:04:16]} Nf6 {[%emt 0:05:07]} 10. Ng3 {[%emt 0:02:09]} Nbd7 {[%emt 0:04:47]} 11. h4 {[%emt 0:04:27]} Ng4 {[%emt 0:04:14]} 12. h5 {[%emt 0:03:07]} Nxe3 {[%emt 0:02:05]} 13. Qxe3 {[%emt 0:01:39]} e6 {[%emt 0:02:37]} 14. O-O-O {[%emt 0:04:38]} Nb6 {[%emt 0:04:35]} 15. e5 {[%emt 0:10:26]} Nd5 {[%emt 0:03:54]} 16. Qd2 {[%emt 0:00:56]} Qd7 {[%emt 0:00:46]} 17. h6 {[%emt 0:12:12]} Bf8 {[%emt 0:02:56]} 18. b3 {[%emt 0:03:21]} Be7 {[%emt 0:02:17]} 19. Ne4 {[%emt 0:00:55]} O-O {[%emt 0:01:01]} 20. Kb1 {[%emt 0:02:13]} f5 {[%emt 0:05:26]} 21. exf6 {[%emt 0:00:36]} Bxf6 {[%emt 0:00:38]} 22. Rde1 {[%emt 0:04:54]} Bh8 {[%emt 0:04:56]} 23. Neg5 {[%emt 0:02:28]} Nc3+ {[%emt 0:16:29]} 24. Kc1 {[%emt 0:00:48]} Rf6 {[%emt 0:00:27]} 25. Be4 {[%emt 0:02:34]} Nxe4 {[%emt 0:03:02]} 26. Nxe4 {[%emt 0:00:07]} Rf5 {[%emt 0:01:05]} 27. Nh4 {[%emt 0:13:34]} Rd5 {[%emt 0:06:07]} 28. Nxg6 {[%emt 0:00:18]} hxg6 {[%emt 0:01:13]} 29. h7+ {[%emt 0:00:12]} Kf8 {[%emt 0:03:09]} 30. Nf6 {[%emt 0:00:37]} Qg7 {[%emt 0:02:46]} 31. Nxd5 {[%emt 0:01:25]} Bxd5 {[%emt 0:00:05]} 32. Rh4 {[%emt 0:02:22]} Ke7 {[%emt 0:03:54]} 33. Qg5+ {[%emt 0:00:40]} Kd7 {[%emt 0:00:15]} 34. Re3 {[%emt 0:00:21]} Rf8 {[%emt 0:00:45]} 35. Rg3 {[%emt 0:01:27]} Rf6 {[%emt 0:03:28]} 36. Rgg4 {[%emt 0:01:23]} c5 {[%emt 0:02:37]} 37. Rh6 {[%emt 0:01:24]} Rxf2 {[%emt 0:03:07]} 38. Rxg6 {[%emt 0:03:42]} Rf1+ {[%emt 0:01:04]} 39. Kb2 {[%emt 0:01:22]} Qxd4+ {[%emt 0:01:11]} 40. Rxd4 {[%emt 0:00:00]} Bxd4+ {[%emt 0:00:00]} 41. c3 {[%emt 0:01:13]} Bxc3+ {[%emt 0:00:17]} 0-1

[Event "Romanian-ch Open 2022"]
[Site "Eforie Nord"]
[Date "2022.02.25"]
[Round "7.9"]
[White "Creanga, Robert-Ionut"]
[Black "Stoleriu, George"]
[Result "1/2-1/2"]
[WhiteElo "2115"]
[BlackElo "2419"]
[Annotator "ChessBase"]
[PlyCount "90"]
[EventDate "2022.02.20"]
[EventType "swiss"]
[EventCountry "ROU"]
[SourceTitle "playchess.com"]
[Source "ChessBase"]
[SourceQuality "1"]
[TimeControl "40/5400+30:900+30"]

1. d4 {[%emt 0:00:28]} Nf6 {[%emt 0:00:03]} 2. c4 {[%emt 0:00:37]} g6 {[%emt 0:00:05]} 3. f3 {[%emt 0:03:59]} Bg7 {[%emt 0:00:15]} 4. e4 {[%emt 0:00:23]} d6 {[%emt 0:00:04]} 5. Nc3 {[%emt 0:00:40]} O-O {[%emt 0:00:15]} 6. Nge2 {[%emt 0:01:32]} c5 {[%emt 0:00:44]} 7. d5 {[%emt 0:01:42]} e6 {[%emt 0:09:22]} 8. Ng3 {[%emt 0:01:19]} exd5 {[%emt 0:05:02]} 9. cxd5 {[%emt 0:00:33]} h5 {[%emt 0:01:19]} 10. Bg5 {[%emt 0:11:59]} a6 {[%emt 0:06:37]} 11. a4 {[%emt 0:01:55]} Qb6 {[%emt 0:01:22]} 12. Qc1 {[%emt 0:05:41]} Nh7 {[%emt 0:03:27]} 13. a5 {[%emt 0:03:27]} Qc7 {[%emt 0:01:20]} 14. Bh4 {[%emt 0:16:45]} Nd7 {[%emt 0:18:28]} 15. Be2 {[%emt 0:03:53]} Bd4 {[%emt 0:01:06]} 16. Nf1 {[%emt 0:12:13]} Re8 {[%emt 0:06:09]} 17. Bf2 {[%emt 0:03:57]} f5 {[%emt 0:06:30]} 18. Nd2 {[%emt 0:01:44]} Ne5 {[%emt 0:09:22]} 19. Nd1 {[%emt 0:06:26]} Qg7 {[%emt 0:04:19]} 20. O-O {[%emt 0:02:43]} Bd7 {[%emt 0:01:37]} 21. Nb3 {[%emt 0:04:36]} Bxf2+ {[%emt 0:02:08]} 22. Nxf2 {[%emt 0:00:24]} Nf6 {[%emt 0:00:54]} 23. Nd2 {[%emt 0:03:14]} g5 {[%emt 0:03:55]} 24. Ra3 {[%emt 0:03:54]} Re7 {[%emt 0:02:23]} 25. Rb3 {[%emt 0:01:07]} f4 {[%emt 0:11:31]} 26. Nc4 {[%emt 0:00:56]} Bb5 {[%emt 0:01:25]} 27. Rxb5 {[%emt 0:02:00]} Nxc4 {[%emt 0:00:21]} 28. Rb3 {[%emt 0:01:18]} Ne3 {[%emt 0:00:41]} 29. Re1 {[%emt 0:00:52]} g4 {[%emt 0:03:06]} 30. Nd1 {[%emt 0:00:38]} Nxg2 {[%emt 0:00:53]} 31. Kxg2 {[%emt 0:00:26]} gxf3+ {[%emt 0:00:03]} 32. Kxf3 {[%emt 0:00:34]} Nxe4 {[%emt 0:00:36]} 33. Nf2 {[%emt 0:00:36]} Ng5+ {[%emt 0:00:31]} 34. Kg2 {[%emt 0:00:36]} f3+ {[%emt 0:00:45]} 35. Kh1 {[%emt 0:00:49]} Rxe2 {[%emt 0:00:42]} 36. Rxe2 {[%emt 0:01:35]} fxe2 {[%emt 0:00:01]} 37. Rg3 {[%emt 0:00:09]} Rf8 {[%emt 0:01:00]} 38. Qe3 {[%emt 0:01:25]} Kh8 {[%emt 0:00:35]} 39. Qxe2 {[%emt 0:00:41]} Qh6 {[%emt 0:00:22]} 40. Qe3 {[%emt 0:00:00]} Rxf2 {[%emt 0:00:00]} 41. Rxg5 {[%emt 0:05:08]} Rf1+ {[%emt 0:11:40]} 42. Kg2 {[%emt 0:00:18]} Rf8 {[%emt 0:00:06]} 43. Qc3+ {[%emt 0:01:01]} Kh7 {[%emt 0:00:24]} 44. Qd3+ {[%emt 0:00:11]} Kh8 {[%emt 0:00:02]} 45. Qc3+ {[%emt 0:00:09]} Kh7 {[%emt 0:00:30]} 1/2-1/2